01765nam a2200361 a 4500001001000000005001700010008004100027041000800068044000800076084002000084100005000104245019100154250000600345260003000351300002200381500024000403500009600643500009100739500002900830500001000859546002400869650005700893650006100950650003901011650005001050700005601100700004901156740005001205902000801255942001101263999001501274952011401289BRCA_322620190320204156.0040309s1782----enka---###---#000-0#eng-# aeng aenk a527b.S77c17821 aCervantes Saavedra, Miguel ded1547-1616921310aThe History and Adventures of the Renowned Don QuixotecTranslated from the Spanish of Miguel de Cervantes Saavedra to wich is Prefixed some Account of the Author´s Life by T. Smollett. a5 aLondresbW. Strahanc1782 a4 v.bil.c19 cm. aContenido : v.1. Primera parte. Vida de Cervantes por Smollett. Advertencia del traductor. Prólogo del autor. -- v.2. Texto. -- v.3. Segunda parte. Prólogo del autor. Aprobaciones. Licencia de la edición príncipe. -- v.4. Texto aEdición : Illustrated with 28 new Copper-Plates Designed by Hayman and Elegantly Engraved aEjemplar igual al anterior [526]. Piel; lomeras decoradas con dorados Lúdovik Osterc aCon ex-libris de : Minto aQM421 aTexto en : inglés14aNovela españolayÉpoca clásica, 1500-1700921514aLiteratura españolayÉpoca clásica, 1500-1700921614aNovela españolaySiglo XVII921714aDon Quijote (Personaje ficticio)eNovela92181 aSmollett, Tobias Georged1721-1771eTraductor986141 aHayman, Francisd1708-1776eIlustrador986150 aEl Ingenioso Hidalgo Don Quijote de la Mancha aQFM 2lcccB c2962d2962 00104070aBRCAbBRCAd2009-03-04iQM421l0o527 .S77 1782 (QM421)p3223r2019-03-22 00:00:00w2019-03-22yB